000 00757nam a2200217 a 4500
999 _c2476
_d2476
001 2476
003 BD-JhCC
005 20171102194644.0
008 171102s1972 ii |||| ||a| 001 0 ben d
035 _a(BD-JhCC)2476
040 _aBD-JhCC
_dBD-JhCC
041 _aben
082 _a891.4409
_bCHA 1972
100 _aচট্টোপাধ্যায়, সবিতা
245 _aবাঙালা সাহিত্যে ইউরোপীয় লেখক /
_cসবিতা চট্টোপাধ্যায়,
260 _aকলিকাতা :
_bফার্মা কে. এল. মুখোপাধ্যায়
_c1972
300 _a540 p. :
_c22 cm.
650 _aBengali Literature
942 _2ddc
_cBK